THE BiGGesT DOG IN THE BOOK / (Record no. 204134)

MARC details
000 -LEADER
fixed length control field 01306nam a2200313 i 4500
003 - CONTROL NUMBER IDENTIFIER
control field OSt
005 - DATE AND TIME OF LATEST TRANSACTION
control field 20260510160822.0
008 - FIXED-LENGTH DATA ELEMENTS--GENERAL INFORMATION
fixed length control field 260510t20252025enka ar 000 1 eng d
020 ## - INTERNATIONAL STANDARD BOOK NUMBER
International Standard Book Number 9780241695876
Terms of availability RM 58.50
Qualifying information paperback
040 ## - CATALOGING SOURCE
Original cataloging agency PPAK
Language of cataloging eng
Transcribing agency PPAK
Description conventions rda
082 04 - DEWEY DECIMAL CLASSIFICATION NUMBER
Edition number 23
Classification number 823.92
090 00 - LOCALLY ASSIGNED LC-TYPE CALL NUMBER (OCLC); LOCAL CALL NUMBER (RLIN)
Classification number (OCLC) (R) ; Classification number, CALL (RLIN) (NR) 823.92
Feature heading LER
Feature heading K
100 1# - MAIN ENTRY--PERSONAL NAME
Personal name Lerwill, Ben,
Relator term author.
245 10 - TITLE STATEMENT
Title THE BiGGesT DOG IN THE BOOK /
Statement of responsibility, etc. Ben Lerwill, Mark Chambers.
264 #4 - PRODUCTION, PUBLICATION, DISTRIBUTION, MANUFACTURE, AND COPYRIGHT NOTICE
Place of production, publication, distribution, manufacture London :
Name of producer, publisher, distributor, manufacturer Dorling Kindersley Limited,
Date of production, publication, distribution, manufacture, or copyright notice 2025
Date of production, publication, distribution, manufacture, or copyright notice ©2025.
300 ## - PHYSICAL DESCRIPTION
Extent 30 unnumbered pages :
Other physical details colour illustrations ;
Dimensions 28 cm
336 ## - CONTENT TYPE
Content type term text
Source rdacontent
337 ## - MEDIA TYPE
Media type term unmediated
Source rdamedia
338 ## - CARRIER TYPE
Carrier type term volume
Source rdacarrier
520 ## - SUMMARY, ETC.
Summary, etc. From tiny Chihuahua Agnes who loves to burrow beneath cushions, to Holly the Collie, who loves chasing her tail, this book contains a pack of adorable dogs. Each is special in their own way, but only one of these lovable pups can be the biggest. A gatefold surprise at the end of the book reveals just who is the BIGGEST dog in the book
521 ## - TARGET AUDIENCE NOTE
Target audience note Preschool.
650 10 - SUBJECT ADDED ENTRY--TOPICAL TERM
Topical term or geographic name entry element Dogs
Form subdivision Juvenile fiction
Topical term or geographic name entry element Body size
Form subdivision Juvenile fiction
655 #7 - INDEX TERM--GENRE/FORM
Genre/form data or focus term Children's stories.
Genre/form data or focus term Animal fiction.
700 1# - ADDED ENTRY--PERSONAL NAME
Personal name Chambers, Mark,
Dates associated with a name 1980-
Relator term illustrator.
942 ## - ADDED ENTRY ELEMENTS (KOHA)
Source of classification or shelving scheme Dewey Decimal Classification
Koha item type Book
Holdings
Withdrawn Not for loan Current library Shelving location Date acquired Total Checkouts Full call number Barcode Date last seen Koha item type
    Perpustakaan Alor Setar Pinjaman Kanak-kanak 12/05/2026   K 823.92 LER A01916417 12/05/2026 Book